Ethics 101: an exploration on the concept of right and wrong (Record no. 365613)
[ view plain ]
| 000 -LEADER | |
|---|---|
| fixed length control field | 00537nam a22001817a 4500 |
| 003 - CONTROL NUMBER IDENTIFIER | |
| control field | 0 |
| 005 - DATE AND TIME OF LATEST TRANSACTION | |
| control field | 20231117082748.0 |
| 008 - FIXED-LENGTH DATA ELEMENTS--GENERAL INFORMATION | |
| fixed length control field | 231117b xxu||||| |||| 00| 0 eng d |
| 020 ## - INTERNATIONAL STANDARD BOOK NUMBER | |
| International Standard Book Number | 978-621-406-229-4 |
| 050 ## - LIBRARY OF CONGRESS CALL NUMBER | |
| Classification number | HQ 769 |
| Item number | .An54 2023 |
| 100 ## - MAIN ENTRY--PERSONAL NAME | |
| Personal name | Ang, Jaime Gutierrez |
| 245 ## - TITLE STATEMENT | |
| Title | Ethics 101: an exploration on the concept of right and wrong |
| Statement of responsibility, etc | Jaime Gutierrez Ang |
| 300 ## - PHYSICAL DESCRIPTION | |
| Extent | vi, 128 pages ; |
| Dimensions | 26 cm. |
| 504 ## - BIBLIOGRAPHY, ETC. NOTE | |
| Bibliography, etc | Includes bibliographical references. |
| 650 ## - SUBJECT ADDED ENTRY--TOPICAL TERM | |
| Topical term or geographic name as entry element | Ethics. |
| 650 ## - SUBJECT ADDED ENTRY--TOPICAL TERM | |
| Topical term or geographic name as entry element | Conduct of life. |
| 942 ## - ADDED ENTRY ELEMENTS (KOHA) | |
| Source of classification or shelving scheme | Library of Congress Classification |
| Koha item type | Books |
| Withdrawn status | Lost status | Source of classification or shelving scheme | Damaged status | Home library | Current library | Shelving location | Date acquired | Source of acquisition | Sub Shelving location | Total Checkouts | Full call number | Barcode | Date last seen | Price effective from | Koha item type |
|---|---|---|---|---|---|---|---|---|---|---|---|---|---|---|---|
| Library of Congress Classification | College Library | College Library | Filipiniana Section | 11/17/2023 | Library Fund | HQ 769 .An54 2023 | C23118 | 11/17/2023 | 11/17/2023 | Books |